000 00664nam a2200217 i 4500
001 89345
003 ES-MaACL
005 20230906180143.0
007 t|
008 050110s1956 sp ||||1| spa d
100 1 _aLangley, Dorothy.
_970060
245 1 0 _aMedallón oscuro /
_cDorothy Langley ; [versión española de José Vilanova].
250 _a[1ª ed.].
260 _aBarcelona :
_bLuis de Caralt,
_c[1956] (
_fImp. Ideal)
300 _a226 p. ;
_c18 cm.
490 1 _aBiblioteca internacional
700 1 _aVilanova, José.
_9114776
830 0 _aBiblioteca internacional
_9182937
852 _aES-MaACL
_jC-13466
_bR.40076
999 _c89345
_d89345